000 00589nam a2200217Ia 4500
003 OSt
005 20220928135527.0
006 a|||||r|||| 00| 0
007 ta
008 220927b |||||||| |||| 00| 0 eng d
024 _a2795
037 _cTextual
040 _aSDCL
_cSDCL
_beng
041 _2eng
_aeng
082 _aO-,1L57,1:gx, L0
100 _aBottrall Margaret Ed.
_9491231
245 0 _aWilliam Blake
_b Songs of innocence and experience
260 _c1970
942 _hO-,1L57,1:gx, L0
_cTEXL
_2CC
999 _c806604
_d806604